[Event "Sombor Milicevic Memorial"]
[Site "Sombor"]
[Date "2019.10.18"]
[Round "5"]
[White "Vlaisavljevic, Ilija"]
[Black "Dombrovski, Mihajlo"]
[Result "1-0"]
[WhiteElo "1872"]
[BlackElo "1535"]
[PlyCount "45"]
[EventDate "2019.10.09"]
[EventType "swiss"]
[EventRounds "9"]
[EventCountry "SRB"]
[SourceTitle "CBM 192 Extra"]
[Source "Chessbase"]
[SourceDate "2019.11.06"]
[SourceVersion "1"]
[SourceVersionDate "2019.11.06"]
[SourceQuality "1"]

1. e4 d6 2. d4 Nf6 3. Nc3 g6 4. Nf3 Bg7 5. Bc4 0-0 6. a3 Nxe4 7. Bxf7+ Rxf7 8. Nxe4 h6 9. h3 d5 10. Ng3 Nc6 11. Be3 e5 12. dxe5 Nxe5 13. Nxe5 Bxe5 14. 0-0 Bxb2 15. Rb1 Bg7 16. Qd2 Kh7 17. c3 c6 18. Ne2 Bf5 19. Rb3 Bd7 20. Rd1 g5 21. g4 Be6 22. Rbb1 b6 23. Ng3 1-0

[Event "Sombor Milicevic Memorial"]
[Site "Sombor"]
[Date "2019.10.11"]
[Round "2"]
[White "Dombrovski, Mihajlo"]
[Black "Srbljanin, Dunja"]
[Result "1-0"]
[WhiteElo "1535"]
[BlackElo "1222"]
[PlyCount "100"]
[EventDate "2019.10.09"]
[EventType "swiss"]
[EventRounds "9"]
[EventCountry "SRB"]
[SourceTitle "CBM 192 Extra"]
[Source "Chessbase"]
[SourceDate "2019.11.06"]
[SourceVersion "1"]
[SourceVersionDate "2019.11.06"]
[SourceQuality "1"]

1. Nf3 Nc6 2. g3 Nf6 3. Bg2 e5 4. d3 d5 5. c3 Bc5 6. 0-0 0-0 7. Nxe5 Nxe5 8. d4 Bd6 9. dxe5 Bxe5 10. Nd2 h6 11. Nf3 Bd6 12. b4 Re8 13. Bb2 Bf8 14. Qc2 Be6 15. Nd4 Bd7 16. Rfe1 Qc8 17. a4 b6 18. b5 c5 19. bxc6 Bxc6 20. Nxc6 Qxc6 21. Ba3 Bxa3 22. Rxa3 Qc5 23. Raa1 Rac8 24. Rac1 Rc6 25. Qb3 Rd6 26. e3 Ne4 27. Bxe4 dxe4 28. Red1 Rdd8 29. Rxd8 Rxd8 30. Qb4 Qxb4 31. cxb4 Kf8 32. b5 Rd3 33. Rc8+ Ke7 34. Rc7+ Rd7 35. Rc4 Rd1+ 36. Kg2 Kd6 37. Rxe4 a5 38. Rc4 Kd5 39. Rf4 f6 40. Kf3 Ke5 41. Re4+ Kd5 42. h4 g5 43. hxg5 hxg5 44. g4 Rc1 45. Rd4+ Kc5 46. Ke4 Rc4 47. Kf5 Rxd4 48. exd4+ Kxd4 49. Kxf6 Kc4 50. Kxg5 Kb4 1-0

[Event "Sombor Milicevic Memorial"]
[Site "Sombor"]
[Date "2017.11.22"]
[Round "5"]
[White "Dombrovski, Mihajlo"]
[Black "Grba, Ilija"]
[Result "0-1"]
[WhiteElo "1563"]
[BlackElo "1761"]
[PlyCount "90"]
[EventDate "2017.11.13"]
[EventType "swiss"]
[EventRounds "9"]
[EventCountry "SRB"]
[SourceTitle "EXT 2019"]
[Source "ChessBase"]
[SourceDate "2018.10.10"]
[SourceVersion "1"]
[SourceVersionDate "2018.10.10"]
[SourceQuality "1"]

1. Nf3 d5 2. c4 Nf6 3. g3 c6 4. Bg2 e6 5. b3 Nbd7 6. 0-0 Bd6 7. Ba3 Bxa3 8. Nxa3 0-0 9. d4 Re8 10. c5 e5 11. e3 e4 12. Nd2 Nf8 13. Nc2 Bd7 14. h3 Ne6 15. Re1 Ng5 16. h4 Bg4 17. Qc1 Nf3+ 18. Nxf3 exf3 19. Bh1 Ne4 20. Nb4 Re6 21. Nd3 Qc7 22. Ne5 Rxe5 23. dxe5 Qxe5 24. Qd1 Qf5 25. Qb1 Nxg3 26. Qxf5 Nxf5 27. Kh2 Re8 28. Rad1 Re4 29. a3 h5 30. b4 Kh7 31. Rb1 Nxh4 32. b5 Re7 33. b6 a6 34. Rb4 Nf5 35. e4 d4 36. e5 d3 37. Rbe4 Rd7 38. Rd1 Rd5 39. e6 fxe6 40. Rxe6 Rxc5 41. Rxd3 Rb5 42. Bxf3 Bxf3 43. Rxf3 Nd4 44. Rf7 Nxe6 45. Rxb7 Nc5 0-1